Normal view MARC view
  • Suhail Ahmed Shah

Entry Personal Name

Number of records used in: 2

001 - CONTROL NUMBER

  • control field: 15583

003 - CONTROL NUMBER IDENTIFIER

  • control field: NUST

005 - DATE AND TIME OF LATEST TRANSACTION

  • control field: 20190626053303.0

008 - FIXED-LENGTH DATA ELEMENTS

  • fixed length control field: 190626|| aca||aabn | a|a d

040 ## - CATALOGING SOURCE

  • Original cataloging agency: NUST
  • Transcribing agency: NUST

100 ## - HEADING--PERSONAL NAME

  • Personal name: Suhail Ahmed Shah

670 ## - SOURCE DATA FOUND

  • Source citation: Work cat.: (NUST): Suhail Ahmed Shah, Investigation of Tool Managment strategies for a Flexible Manufacuring System/, 2016.
© 2023 Central Library, National University of Sciences and Technology. All Rights Reserved.